Équipes de Ligue 1 2019-2020 - Statistiques

Statistiques générales
  • Ce quiz a été pris 447 fois
  • Le résultat moyen est 5 sur 20
Statistiques - réponses
Club % Correct
M Olympique de Marseille
79%
L Olympique Lyonnais
74%
A Angers SCO
30%
S AS Saint-Étienne
29%
N FC Nantes
29%
N OGC Nice
27%
T Toulouse FC
27%
A Amiens SC
25%
R Stade de Reims
21%
L Lille OSC
20%
M FC Metz
19%
R Stade Rennais FC
17%
N Nîmes Olympique
15%
P Paris Saint-Germain FC
15%
B FC Girondins de Bordeaux
13%
M Montpellier HSC
12%
D Dijon FCO
11%
M AS Monaco FC
10%
B Stade Brestois 29
7%
S RC Strasbourg-Alsace
6%
Aucun quiz correspondant
Distribution des résultats
% des personnes avec chaque résultat
Percentile par nombre de réponses
Votre historique - résultats
Vous n’avez pas pris ce quiz